Manuscrit de Pauline Archange (Roman)

সংরক্ষণ করুন:
গ্রন্থ-পঞ্জীর বিবরন
প্রধান লেখক: Blais, Marie-Claire
বিন্যাস: গ্রন্থ
ভাষা:French
প্রকাশিত: Montreal, Canadá Éditions du Jour 1968
বিষয়গুলি:
ট্যাগগুলো: ট্যাগ যুক্ত করুন
কোনো ট্যাগ নেই, প্রথমজন হিসাবে ট্যাগ করুন!

MARC

LEADER 00000nam a2200000Ia 4500
008 170316s9999 xx 000 0 fre d
040 |a cru BVZT 
090 |a 818 B-12m 
100 |a Blais, Marie-Claire 
245 |a Manuscrit de Pauline Archange (Roman) 
260 |a Montreal, Canadá 
260 |b Éditions du Jour 
260 |c 1968 
300 |a 127 páginas 
650 |a LITERATURA CANADIENSE 
650 |a EN IDIOMA FRANCÉS 
650 |a NOVELA  |9 13 
999 |c 21746  |d 21746 
942 |c LIB  |h 818 B-12m  |2 z